| Tag |
First Indicator |
Second Indicator |
Subfields |
| LEADER |
00000cam a22000003i 4500 |
| 001 |
in00002521913 |
| 005 |
20190327174412.0 |
| 006 |
m | d | |
| 007 |
cr |n|---||||a |
| 008 |
061024s2003 vau |s ||||||| ||eng|d |
| 035 |
|
|
|a (VaAlASP)ASPFS0000723/afso
|
| 040 |
|
|
|a VaAlASP
|d UtOrBLW
|
| 100 |
1 |
|
|a Biberman, Michael.
|
| 245 |
1 |
0 |
|a Salt of the earth (1954) :
|b shooting script /
|c by Michael Biberman and Michael Wilson.
|
| 250 |
|
|
|a [1st electronic ed.].
|
| 264 |
|
1 |
|a Alexandria, VA :
|b Alexander Street Press,
|c 2003.
|
| 336 |
|
|
|a text
|b txt
|2 rdacontent
|
| 337 |
|
|
|a computer
|b c
|2 rdamedia
|
| 338 |
|
|
|a online resource
|b cr
|2 rdacarrier
|
| 490 |
1 |
|
|a American film scripts online
|
| 500 |
|
|
|a Title from HTML title page (viewed December 10, 2006).
|
| 506 |
|
|
|a Access restricted to subscribers.
|
| 538 |
|
|
|a Mode of access: World Wide Web.
|
| 500 |
|
|
|a Electronic resource.
|
| 655 |
|
0 |
|a Electronic books.
|
| 655 |
|
0 |
|a Motion picture plays.
|
| 700 |
1 |
|
|a Wilson, Michael,
|d 1914-1978.
|
| 830 |
|
0 |
|a American film scripts online.
|
| 856 |
4 |
0 |
|u http://proxy.library.tamu.edu/login?url=http://www.aspresolver.com/aspresolver.asp?AFSO;FS000723
|z Connect to the full text of this electronic book
|t 0
|
| 999 |
|
|
|a MARS
|
| 999 |
f |
f |
|s 0f40390b-252f-3a4b-af3a-2f4d466dcec4
|i 700cbcb5-11af-3ff1-91c9-d89b2d4d5a4f
|t 0
|
| 952 |
f |
f |
|a Texas A&M University
|b College Station
|c Electronic Resources
|d Available Online
|t 0
|h No information provided
|
| 998 |
f |
f |
|t 0
|l Available Online
|